[Event "DEM U14 2022"]
[Site "Willingen GER"]
[Date "2022.06.08"]
[Round "6"]
[White "Möller, Maurin"]
[Black "Besou, Hussain"]
[Result "1/2-1/2"]
[Termination "normal"]
[Board "4"]
[WhiteElo "1780"]
[BlackElo "2094"]
[WhiteClock "00:42:06"]
[BlackClock "00:09:08"]
[PlyCount "96"]
[WhiteFideId "16265696"]
[BlackFideId "16269950"]
[EventCountry "GER"]
[EventRounds "9"]
[EventType "swiss"]
[EventDate "2022.06.04"]

1. d4 {[%clk 1:30:36]} Nf6 {[%clk 1:30:52]} 2. Bf4 {[%clk 1:31:01]} e6 {[%clk
1:30:56]} 3. e3 {[%clk 1:31:25]} d5 {[%clk 1:31:02]} 4. c3 {[%clk 1:31:36]} Bd6
{[%clk 1:30:40]} 5. Bg3 {[%clk 1:30:42]} O-O {[%clk 1:29:39]} 6. Nd2 {[%clk
1:30:42]} b6 {[%clk 1:26:18]} 7. Bd3 {[%clk 1:30:26]} c5 {[%clk 1:25:48]} 8.
Ngf3 {[%clk 1:30:25]} Ba6 {[%clk 1:24:43]} 9. Qe2 {[%clk 1:29:43]} Bxd3 {[%clk
1:25:05]} 10. Qxd3 {[%clk 1:30:10]} Nc6 {[%clk 1:11:27]} 11. O-O {[%clk
1:28:13]} Rc8 {[%clk 1:10:56]} 12. Rfe1 {[%clk 1:28:12]} Ne7 {[%clk 1:05:50]}
13. e4 {[%clk 1:19:01]} dxe4 {[%clk 1:06:11]} 14. Nxe4 {[%clk 1:19:09]} Nxe4
{[%clk 1:06:16]} 15. Qxe4 {[%clk 1:19:29]} Bxg3 {[%clk 1:01:27]} 16. hxg3
{[%clk 1:19:47]} Qd5 {[%clk 1:01:52]} 17. dxc5 {[%clk 1:16:22]} Qxe4 {[%clk
0:55:58]} 18. Rxe4 {[%clk 1:16:51]} Rxc5 {[%clk 0:56:16]} 19. Ra4 {[%clk
1:14:06]} Rc7 {[%clk 0:54:42]} 20. Rd1 {[%clk 1:14:22]} Rfc8 {[%clk 0:51:59]}
21. Kf1 {[%clk 1:13:26]} f6 {[%clk 0:49:14]} 22. Ke2 {[%clk 1:12:59]} e5 {[%clk
0:49:35]} 23. Ne1 {[%clk 1:11:44]} Kf7 {[%clk 0:48:50]} 24. Nc2 {[%clk
1:11:58]} Rb7 {[%clk 0:35:29]} 25. Ne3 {[%clk 1:08:41]} Ke6 {[%clk 0:29:38]}
26. Rh4 {[%clk 0:53:14]} h6 {[%clk 0:29:09]} 27. a4 {[%clk 0:49:07]} Rbc7
{[%clk 0:25:34]} 28. Rg4 {[%clk 0:48:02]} Nf5 {[%clk 0:24:57]} 29. Rb4 {[%clk
0:45:09]} Nxe3 {[%clk 0:25:16]} 30. Kxe3 {[%clk 0:45:36]} Rc4 {[%clk 0:24:17]}
31. Rxc4 {[%clk 0:45:38]} Rxc4 {[%clk 0:24:41]} 32. Ra1 {[%clk 0:45:59]} a5
{[%clk 0:23:11]} 33. Kd3 {[%clk 0:46:09]} Kd5 {[%clk 0:22:33]} 34. b3 {[%clk
0:45:47]} e4+ {[%clk 0:22:30]} 35. Kc2 {[%clk 0:46:12]} Rc7 {[%clk 0:22:53]}
36. Re1 {[%clk 0:46:32]} f5 {[%clk 0:23:04]} 37. Rd1+ {[%clk 0:45:10]} Ke6
{[%clk 0:18:23]} 38. Rd8 {[%clk 0:44:09]} h5 {[%clk 0:16:02]} 39. Re8+ {[%clk
0:43:26]} Kf6 {[%clk 0:16:01]} 40. Rb8 {[%clk 0:43:33]} Rc6 {[%clk 0:16:25]}
41. Kd2 {[%clk 0:43:49]} Rd6+ {[%clk 0:14:54]} 42. Ke2 {[%clk 0:44:02]} g6
{[%clk 0:14:39]} 43. b4 {[%clk 0:41:09]} axb4 {[%clk 0:13:42]} 44. cxb4 {[%clk
0:41:38]} Kg5 {[%clk 0:11:09]} 45. Ke3 {[%clk 0:41:06]} Rd3+ {[%clk 0:10:23]}
46. Ke2 {[%clk 0:41:35]} Ra3 {[%clk 0:10:28]} 47. Rxb6 {[%clk 0:41:58]} Rxa4
{[%clk 0:10:55]} 48. b5 {[%clk 0:42:06]} Rb4 {[%clk 0:09:08]} 1/2-1/2

[Event "DEM U14 2022"]
[Site "Willingen GER"]
[Date "2022.06.08"]
[Round "6"]
[White "Honisch, Alexander"]
[Black "Udelnov, Valentin"]
[Result "1-0"]
[Termination "normal"]
[Board "5"]
[WhiteElo "1878"]
[BlackElo "1967"]
[WhiteClock "00:00:45"]
[BlackClock "00:09:40"]
[PlyCount "79"]
[WhiteFideId "16298594"]
[BlackFideId "16265734"]
[EventCountry "GER"]
[EventRounds "9"]
[EventType "swiss"]
[EventDate "2022.06.04"]

1. e4 {[%clk 1:30:46]} e5 {[%clk 1:30:58]} 2. Nf3 {[%clk 1:30:50]} Nc6 {[%clk
1:31:23]} 3. Bb5 {[%clk 1:31:05]} g6 {[%clk 1:31:41]} 4. O-O {[%clk 1:29:58]}
Bg7 {[%clk 1:31:57]} 5. c3 {[%clk 1:29:32]} d6 {[%clk 1:30:11]} 6. d4 {[%clk
1:27:16]} Bd7 {[%clk 1:30:20]} 7. Be3 {[%clk 1:17:00]} Nf6 {[%clk 1:29:06]} 8.
Nbd2 {[%clk 1:10:56]} O-O {[%clk 1:25:48]} 9. h3 {[%clk 1:06:28]} Re8 {[%clk
1:19:52]} 10. Bd3 {[%clk 0:57:29]} Nh5 {[%clk 1:16:17]} 11. Re1 {[%clk
0:50:39]} Kh8 {[%clk 1:10:50]} 12. Qc2 {[%clk 0:48:33]} Qc8 {[%clk 1:09:59]}
13. dxe5 {[%clk 0:39:23]} dxe5 {[%clk 1:09:01]} 14. Nc4 {[%clk 0:31:00]} f5
{[%clk 1:05:08]} 15. Rad1 {[%clk 0:29:17]} f4 {[%clk 1:02:55]} 16. Bc1 {[%clk
0:28:22]} Bf6 {[%clk 1:02:31]} 17. Be2 {[%clk 0:26:51]} Ng7 {[%clk 0:53:30]}
18. b4 {[%clk 0:25:07]} b5 {[%clk 0:52:13]} 19. Nb2 {[%clk 0:23:47]} Rb8 {[%clk
0:51:33]} 20. a4 {[%clk 0:23:39]} a6 {[%clk 0:51:14]} 21. axb5 {[%clk 0:20:15]}
axb5 {[%clk 0:51:16]} 22. Rd5 {[%clk 0:20:33]} Ne7 {[%clk 0:36:51]} 23. Rxe5
{[%clk 0:18:31]} Bxe5 {[%clk 0:35:46]} 24. Nxe5 {[%clk 0:18:59]} Rf8 {[%clk
0:34:09]} 25. Nbd3 {[%clk 0:18:39]} Ne6 {[%clk 0:26:34]} 26. Bg4 {[%clk
0:13:59]} Rb6 {[%clk 0:14:20]} 27. Nxd7 {[%clk 0:13:43]} Qxd7 {[%clk 0:14:46]}
28. Nxf4 {[%clk 0:13:05]} Rxf4 {[%clk 0:12:17]} 29. Bxf4 {[%clk 0:13:24]} h5
{[%clk 0:12:20]} 30. Be5+ {[%clk 0:10:52]} Kh7 {[%clk 0:12:37]} 31. Be2 {[%clk
0:09:21]} Nc6 {[%clk 0:11:59]} 32. Bh2 {[%clk 0:09:10]} Qf7 {[%clk 0:10:34]}
33. e5 {[%clk 0:08:36]} Nf4 {[%clk 0:09:30]} 34. Bf1 {[%clk 0:06:27]} Nd8
{[%clk 0:09:25]} 35. Qe4 {[%clk 0:06:22]} Nde6 {[%clk 0:09:34]} 36. Re3 {[%clk
0:03:50]} Kh6 {[%clk 0:08:42]} 37. g3 {[%clk 0:03:31]} g5 {[%clk 0:09:06]} 38.
gxf4 {[%clk 0:03:26]} gxf4 {[%clk 0:09:29]} 39. Rf3 {[%clk 0:01:15]} Ng5 {[%clk
0:09:40]} 40. Bxf4 {[%clk 0:00:45]} 1-0

[Event "DEM U14 2022"]
[Site "Willingen GER"]
[Date "2022.06.08"]
[Round "6"]
[White "Sundui, Chinguun"]
[Black "Kempe, Caius Emilian"]
[Result "1/2-1/2"]
[Termination "normal"]
[Board "6"]
[WhiteElo "1793"]
[BlackElo "1973"]
[WhiteClock "00:17:04"]
[BlackClock "00:30:22"]
[PlyCount "87"]
[WhiteFideId "4907930"]
[BlackFideId "16246861"]
[EventCountry "GER"]
[EventRounds "9"]
[EventType "swiss"]
[EventDate "2022.06.04"]

1. e4 {[%clk 1:30:56]} e6 {[%clk 1:30:52]} 2. f4 {[%clk 1:31:23]} d5 {[%clk
1:30:50]} 3. e5 {[%clk 1:31:49]} c5 {[%clk 1:30:25]} 4. Nf3 {[%clk 1:32:02]}
Nc6 {[%clk 1:28:57]} 5. c3 {[%clk 1:32:25]} Bd7 {[%clk 1:25:28]} 6. Na3 {[%clk
1:31:42]} f6 {[%clk 1:23:42]} 7. d4 {[%clk 1:32:05]} Nh6 {[%clk 1:18:34]} 8.
Nc2 {[%clk 1:31:01]} Qb6 {[%clk 1:07:51]} 9. a3 {[%clk 1:23:08]} c4 {[%clk
0:58:48]} 10. Ne3 {[%clk 1:16:14]} Ne7 {[%clk 0:56:15]} 11. g4 {[%clk 0:58:59]}
f5 {[%clk 0:54:51]} 12. gxf5 {[%clk 0:47:31]} Nhxf5 {[%clk 0:53:32]} 13. Nxf5
{[%clk 0:45:45]} Nxf5 {[%clk 0:53:50]} 14. Bh3 {[%clk 0:45:59]} Ne7 {[%clk
0:52:18]} 15. Ng5 {[%clk 0:41:15]} h6 {[%clk 0:47:20]} 16. Nf3 {[%clk 0:35:09]}
O-O-O {[%clk 0:43:49]} 17. Qc2 {[%clk 0:35:19]} g6 {[%clk 0:42:32]} 18. Bd2
{[%clk 0:34:51]} Be8 {[%clk 0:40:56]} 19. O-O-O {[%clk 0:33:46]} Bf7 {[%clk
0:34:19]} 20. Bg4 {[%clk 0:28:35]} Rg8 {[%clk 0:31:41]} 21. h4 {[%clk 0:23:58]}
h5 {[%clk 0:31:32]} 22. Bh3 {[%clk 0:24:20]} Rg7 {[%clk 0:29:15]} 23. Ng5
{[%clk 0:21:44]} Bg8 {[%clk 0:27:02]} 24. Rhg1 {[%clk 0:19:24]} Qa6 {[%clk
0:22:31]} 25. Kb1 {[%clk 0:15:11]} Kd7 {[%clk 0:22:46]} 26. Ka2 {[%clk
0:12:56]} Nc6 {[%clk 0:19:13]} 27. Nf3 {[%clk 0:08:52]} Bf7 {[%clk 0:17:52]}
28. Ng5 {[%clk 0:08:39]} Ke7 {[%clk 0:17:29]} 29. Rg2 {[%clk 0:07:29]} b5
{[%clk 0:16:34]} 30. Rdg1 {[%clk 0:07:33]} b4 {[%clk 0:16:58]} 31. cxb4 {[%clk
0:07:33]} Nxd4 {[%clk 0:17:16]} 32. Qd1 {[%clk 0:06:27]} Be8 {[%clk 0:15:43]}
33. Bc3 {[%clk 0:05:36]} Nf5 {[%clk 0:15:55]} 34. Bxf5 {[%clk 0:05:29]} gxf5
{[%clk 0:16:24]} 35. Bd4 {[%clk 0:04:47]} Rc8 {[%clk 0:12:27]} 36. Bc5+ {[%clk
0:04:38]} Rxc5 {[%clk 0:12:55]} 37. bxc5 {[%clk 0:04:59]} Qb5 {[%clk 0:12:05]}
38. Nf3 {[%clk 0:04:03]} Rxg2 {[%clk 0:12:30]} 39. Rxg2 {[%clk 0:04:33]} Qxc5
{[%clk 0:12:45]} 40. Qd4 {[%clk 0:03:52]} Kd8 {[%clk 0:11:23]} 41. Ng5 {[%clk
0:29:14]} Bd7 {[%clk 0:40:54]} 42. Nf3 {[%clk 0:20:19]} Ba4 {[%clk 0:36:34]}
43. Rd2 {[%clk 0:18:28]} Qb5 {[%clk 0:30:22]} 44. Qc3 {[%clk 0:17:04]} 1/2-1/2

[Event "DEM U14 2022"]
[Site "Willingen GER"]
[Date "2022.06.08"]
[Round "6"]
[White "Hoppstädter, Daniel"]
[Black "Fruth, David"]
[Result "1-0"]
[Termination "normal"]
[Board "8"]
[WhiteElo "1987"]
[BlackElo "1648"]
[WhiteClock "00:03:39"]
[BlackClock "00:09:49"]
[PlyCount "81"]
[WhiteFideId "16243625"]
[BlackFideId "16257596"]
[EventCountry "GER"]
[EventRounds "9"]
[EventType "swiss"]
[EventDate "2022.06.04"]

1. d4 {[%clk 1:30:57]} Nf6 {[%clk 1:30:59]} 2. c4 {[%clk 1:31:18]} c5 {[%clk
1:31:28]} 3. d5 {[%clk 1:31:43]} b5 {[%clk 1:31:54]} 4. f3 bxc4 {[%clk
1:31:57]} 5. e4 {[%clk 1:31:13]} d6 {[%clk 1:32:26]} 6. Ne2 {[%clk 1:30:54]} g6
{[%clk 1:32:50]} 7. Nec3 {[%clk 1:31:01]} Bg7 {[%clk 1:33:10]} 8. Na3 {[%clk
1:31:13]} O-O {[%clk 1:33:05]} 9. Nxc4 {[%clk 1:31:23]} Nbd7 {[%clk 1:33:32]}
10. Be3 {[%clk 1:31:12]} Nb6 {[%clk 1:30:14]} 11. Qd2 {[%clk 1:23:52]} Rb8
{[%clk 1:20:34]} 12. Na3 {[%clk 1:09:18]} Re8 {[%clk 1:18:34]} 13. Bb5 {[%clk
1:09:18]} Bd7 {[%clk 1:18:38]} 14. Bxd7 {[%clk 1:08:07]} Qxd7 {[%clk 1:15:55]}
15. O-O {[%clk 1:07:58]} Na4 {[%clk 1:15:10]} 16. Qc2 {[%clk 0:50:41]} Nxc3
{[%clk 1:05:07]} 17. bxc3 {[%clk 0:47:44]} Qc7 {[%clk 0:57:33]} 18. Qa4 {[%clk
0:39:30]} e6 {[%clk 0:39:48]} 19. dxe6 {[%clk 0:36:21]} Rxe6 {[%clk 0:40:02]}
20. Bf2 {[%clk 0:26:08]} Nd7 {[%clk 0:35:50]} 21. Rab1 {[%clk 0:25:10]} Ree8
{[%clk 0:31:05]} 22. c4 {[%clk 0:18:58]} Nb6 {[%clk 0:27:13]} 23. Qa6 {[%clk
0:17:40]} Qe7 {[%clk 0:22:23]} 24. Bg3 {[%clk 0:15:40]} h5 {[%clk 0:21:15]} 25.
h3 {[%clk 0:14:30]} Bd4+ {[%clk 0:15:22]} 26. Kh1 {[%clk 0:14:46]} Rbd8 {[%clk
0:14:23]} 27. Nb5 {[%clk 0:14:07]} Nxc4 {[%clk 0:14:15]} 28. Nxd4 {[%clk
0:13:57]} cxd4 {[%clk 0:14:12]} 29. Qxc4 {[%clk 0:14:20]} Qg5 {[%clk 0:13:44]}
30. Rb7 {[%clk 0:14:12]} Rf8 {[%clk 0:13:55]} 31. Bf2 {[%clk 0:14:25]} d3
{[%clk 0:12:59]} 32. Qxd3 {[%clk 0:14:04]} d5 {[%clk 0:13:07]} 33. exd5 {[%clk
0:13:52]} Rxd5 {[%clk 0:13:34]} 34. Qe3 {[%clk 0:13:44]} Qd8 {[%clk 0:12:39]}
35. Qxa7 {[%clk 0:12:50]} Qg5 {[%clk 0:10:53]} 36. Qe3 {[%clk 0:12:33]} Qd8
{[%clk 0:10:06]} 37. Qe7 {[%clk 0:11:54]} Qc8 {[%clk 0:10:08]} 38. Rc7 {[%clk
0:10:50]} Qa6 {[%clk 0:10:32]} 39. Rfc1 {[%clk 0:09:59]} Rd2 {[%clk 0:10:16]}
40. Bc5 {[%clk 0:10:17]} Rdd8 {[%clk 0:09:49]} 41. a3 {[%clk 0:03:39]} 1-0

[Event "DEM U14 2022"]
[Site "Willingen GER"]
[Date "2022.06.08"]
[Round "6"]
[White "Krüger, Arthur"]
[Black "Sommer, Justus"]
[Result "1/2-1/2"]
[Termination "normal"]
[Board "10"]
[WhiteElo "1988"]
[BlackElo "1868"]
[WhiteClock "00:28:09"]
[BlackClock "00:34:24"]
[PlyCount "52"]
[WhiteFideId "16244966"]
[BlackFideId "16245008"]
[EventCountry "GER"]
[EventRounds "9"]
[EventType "swiss"]
[EventDate "2022.06.04"]

1. e4 {[%clk 1:30:56]} e5 {[%clk 1:30:44]} 2. Nf3 {[%clk 1:31:22]} Nc6 {[%clk
1:30:57]} 3. Nc3 {[%clk 1:31:48]} Nf6 {[%clk 1:30:55]} 4. d4 {[%clk 1:32:08]}
exd4 {[%clk 1:31:13]} 5. Nxd4 {[%clk 1:32:32]} Bb4 {[%clk 1:31:03]} 6. Nxc6
{[%clk 1:32:50]} bxc6 {[%clk 1:31:24]} 7. Bd3 {[%clk 1:33:12]} O-O {[%clk
1:30:48]} 8. O-O {[%clk 1:31:09]} d5 {[%clk 1:30:11]} 9. exd5 {[%clk 1:30:50]}
cxd5 {[%clk 1:30:31]} 10. h3 {[%clk 1:31:01]} c6 {[%clk 1:26:06]} 11. Qf3
{[%clk 1:31:13]} Re8 {[%clk 1:24:08]} 12. Bf4 {[%clk 1:30:53]} Be6 {[%clk
1:22:34]} 13. a3 {[%clk 1:29:40]} Bd6 {[%clk 1:21:36]} 14. Ne2 {[%clk 1:29:20]}
Rb8 {[%clk 1:20:23]} 15. Rab1 {[%clk 1:28:00]} Qc7 {[%clk 1:18:56]} 16. Rfd1
{[%clk 1:25:47]} Nd7 {[%clk 1:17:00]} 17. Bxd6 {[%clk 1:12:29]} Qxd6 {[%clk
1:17:17]} 18. Nd4 Nc5 {[%clk 1:11:32]} 19. Bf1 {[%clk 0:53:07]} Nd7 {[%clk
1:04:25]} 20. c4 {[%clk 0:44:52]} Nf6 {[%clk 0:56:48]} 21. c5 {[%clk 0:38:57]}
Qxc5 {[%clk 0:50:49]} 22. Rbc1 {[%clk 0:38:44]} Qb6 {[%clk 0:50:22]} 23. Nxc6
{[%clk 0:38:53]} Rbc8 {[%clk 0:49:56]} 24. Nb4 {[%clk 0:36:17]} h6 {[%clk
0:46:23]} 25. Qf4 {[%clk 0:28:09]} a5 {[%clk 0:39:10]} 26. Nd3 Rc4 {[%clk
0:34:24]} 1/2-1/2

[Event "DEM U14 2022"]
[Site "Willingen GER"]
[Date "2022.06.08"]
[Round "6"]
[White "Bräutigam, Alexander"]
[Black "Uhlmann, Tim"]
[Result "1/2-1/2"]
[Termination "normal"]
[Board "14"]
[WhiteElo "1749"]
[BlackElo "1808"]
[WhiteClock "00:32:21"]
[BlackClock "00:19:35"]
[PlyCount "86"]
[WhiteFideId "16245210"]
[BlackFideId "16239210"]
[EventCountry "GER"]
[EventRounds "9"]
[EventType "swiss"]
[EventDate "2022.06.04"]

1. d4 {[%clk 1:30:56]} d5 {[%clk 1:30:58]} 2. c4 {[%clk 1:31:22]} e6 {[%clk
1:31:25]} 3. Nc3 {[%clk 1:31:44]} c5 {[%clk 1:31:52]} 4. cxd5 {[%clk 1:31:29]}
exd5 {[%clk 1:32:18]} 5. Nf3 {[%clk 1:31:53]} Nc6 {[%clk 1:32:42]} 6. dxc5
{[%clk 1:32:12]} d4 {[%clk 1:33:05]} 7. Na4 {[%clk 1:32:27]} Bxc5 {[%clk
1:21:35]} 8. Nxc5 {[%clk 1:32:45]} Qa5+ {[%clk 1:22:01]} 9. Qd2 {[%clk
1:33:06]} Qxc5 {[%clk 1:22:26]} 10. e3 {[%clk 1:33:23]} dxe3 {[%clk 1:22:15]}
11. Qxe3+ {[%clk 1:33:42]} Qxe3+ {[%clk 1:22:36]} 12. Bxe3 {[%clk 1:34:06]} Nf6
{[%clk 1:21:52]} 13. Bb5 {[%clk 1:33:09]} Bd7 {[%clk 1:21:38]} 14. O-O {[%clk
1:33:13]} O-O {[%clk 1:21:36]} 15. h3 {[%clk 1:31:28]} a6 {[%clk 1:21:22]} 16.
Be2 {[%clk 1:24:15]} Nd5 {[%clk 1:14:26]} 17. Bc5 {[%clk 1:23:11]} Rfe8 {[%clk
1:12:57]} 18. Bc4 {[%clk 1:23:21]} Nf4 {[%clk 1:07:54]} 19. Rfe1 {[%clk
1:17:26]} Be6 {[%clk 0:59:15]} 20. Bxe6 {[%clk 1:17:06]} Nxe6 {[%clk 0:59:39]}
21. Bb6 {[%clk 1:16:05]} Re7 {[%clk 0:57:15]} 22. Re2 {[%clk 1:14:29]} Rae8
{[%clk 0:54:06]} 23. Rae1 {[%clk 1:12:24]} f6 {[%clk 0:42:22]} 24. Nd2 {[%clk
1:04:59]} Nf4 {[%clk 0:38:04]} 25. Rxe7 {[%clk 1:04:50]} Rxe7 {[%clk 0:38:30]}
26. Rxe7 {[%clk 1:05:07]} Nxe7 {[%clk 0:38:56]} 27. Nc4 {[%clk 1:04:57]} Ned5
{[%clk 0:38:51]} 28. Bc5 {[%clk 0:58:25]} Nd3 {[%clk 0:38:23]} 29. Bd4 {[%clk
0:58:25]} N5b4 {[%clk 0:38:22]} 30. a3 {[%clk 0:57:46]} Nc6 {[%clk 0:37:03]}
31. Bc3 {[%clk 0:58:06]} b5 {[%clk 0:37:22]} 32. Nd6 {[%clk 0:56:17]} b4 {[%clk
0:35:59]} 33. axb4 {[%clk 0:56:36]} Ncxb4 {[%clk 0:35:40]} 34. Bxb4 {[%clk
0:36:49]} Nxb4 {[%clk 0:35:58]} 35. Kf1 {[%clk 0:37:02]} Nd3 {[%clk 0:31:20]}
36. Nc4 {[%clk 0:35:49]} Kf7 {[%clk 0:28:07]} 37. Ke2 {[%clk 0:35:59]} Nf4+
{[%clk 0:28:14]} 38. Kf3 {[%clk 0:36:05]} g5 {[%clk 0:27:30]} 39. h4 {[%clk
0:34:20]} Ke6 {[%clk 0:23:43]} 40. g3 {[%clk 0:34:04]} Nd3 {[%clk 0:20:28]} 41.
hxg5 {[%clk 0:33:12]} fxg5 {[%clk 0:20:32]} 42. Ke3 {[%clk 0:33:12]} Nb4 {[%clk
0:19:35]} 43. Ke4 {[%clk 0:32:21]} Ke5+ 1/2-1/2

[Event "DEM U14 2022"]
[Site "Willingen GER"]
[Date "2022.06.08"]
[Round "6"]
[White "Sinka, Silas"]
[Black "Huber, Benedikt"]
[Result "0-1"]
[Termination "normal"]
[Board "15"]
[WhiteElo "1386"]
[BlackElo "1780"]
[WhiteClock "00:11:40"]
[BlackClock "00:20:01"]
[PlyCount "140"]
[WhiteFideId "16265823"]
[BlackFideId "16281225"]
[EventCountry "GER"]
[EventRounds "9"]
[EventType "swiss"]
[EventDate "2022.06.04"]

1. d4 {[%clk 1:30:58]} d5 {[%clk 1:30:53]} 2. c4 {[%clk 1:31:24]} e6 {[%clk
1:31:15]} 3. Nc3 {[%clk 1:31:47]} Be7 {[%clk 1:31:42]} 4. Bf4 {[%clk 1:31:45]}
Nf6 {[%clk 1:31:32]} 5. e3 {[%clk 1:32:01]} Nbd7 {[%clk 1:29:32]} 6. Nf3 {[%clk
1:31:38]} O-O {[%clk 1:29:36]} 7. Qc2 {[%clk 1:31:35]} a6 {[%clk 1:26:25]} 8.
h3 {[%clk 1:31:57]} c5 {[%clk 1:22:40]} 9. cxd5 {[%clk 1:30:40]} exd5 {[%clk
1:22:53]} 10. Be2 {[%clk 1:30:22]} c4 {[%clk 1:21:18]} 11. O-O {[%clk 1:29:58]}
b5 {[%clk 1:16:12]} 12. e4 {[%clk 1:28:54]} dxe4 {[%clk 1:15:29]} 13. Nxe4
{[%clk 1:29:17]} Bb7 {[%clk 1:14:16]} 14. Nd6 {[%clk 1:20:30]} Bxd6 {[%clk
1:13:04]} 15. Bxd6 {[%clk 1:20:53]} Re8 {[%clk 1:13:26]} 16. Rad1 {[%clk
1:19:01]} Qb6 {[%clk 1:10:50]} 17. Bh2 {[%clk 1:17:09]} Nd5 {[%clk 1:07:21]}
18. a3 {[%clk 1:08:28]} N7f6 {[%clk 0:58:36]} 19. Ne5 {[%clk 1:07:30]} Rac8
{[%clk 0:57:12]} 20. Bf3 {[%clk 0:57:15]} a5 {[%clk 0:48:45]} 21. Bxd5 {[%clk
0:55:46]} Nxd5 {[%clk 0:47:25]} 22. Nd7 {[%clk 0:55:32]} Qc6 {[%clk 0:47:08]}
23. Nc5 {[%clk 0:55:36]} Nb4 {[%clk 0:46:52]} 24. d5 {[%clk 0:53:08]} Nxd5
{[%clk 0:46:17]} 25. Nxb7 {[%clk 0:53:02]} Qxb7 {[%clk 0:46:39]} 26. Rd4 {[%clk
0:52:18]} Rcd8 {[%clk 0:42:04]} 27. Rfd1 {[%clk 0:51:16]} Rd7 {[%clk 0:41:48]}
28. Qf5 {[%clk 0:39:51]} Nf6 {[%clk 0:34:28]} 29. Rxd7 {[%clk 0:36:31]} Nxd7
{[%clk 0:34:16]} 30. Bf4 {[%clk 0:33:15]} Nf6 {[%clk 0:32:06]} 31. Bg5 {[%clk
0:30:47]} Qc6 {[%clk 0:20:33]} 32. Bxf6 {[%clk 0:25:26]} gxf6 {[%clk 0:17:43]}
33. Kf1 {[%clk 0:14:16]} Re5 {[%clk 0:12:34]} 34. Qd7 {[%clk 0:06:51]} Qe4
{[%clk 0:06:53]} 35. Qg4+ {[%clk 0:03:55]} Qxg4 {[%clk 0:07:14]} 36. hxg4
{[%clk 0:04:21]} a4 {[%clk 0:07:41]} 37. Rd8+ {[%clk 0:03:43]} Kg7 {[%clk
0:08:03]} 38. Rb8 {[%clk 0:04:07]} Kh6 {[%clk 0:04:25]} 39. f4 {[%clk 0:03:12]}
Rc5 {[%clk 0:03:58]} 40. Rb6 {[%clk 0:03:11]} c3 {[%clk 0:02:16]} 41. bxc3
{[%clk 0:02:09]} Kg7 {[%clk 0:00:59]} 42. Kf2 {[%clk 0:01:02]} Rxc3 {[%clk
0:29:43]} 43. Rxb5 {[%clk 0:31:23]} Rxa3 {[%clk 0:30:09]} 44. Ra5 {[%clk
0:31:41]} Kg6 {[%clk 0:29:35]} 45. Ke2 {[%clk 0:30:11]} Ra1 {[%clk 0:29:07]}
46. Kf2 {[%clk 0:30:24]} Kg7 {[%clk 0:27:25]} 47. Kg3 {[%clk 0:30:21]} h6
{[%clk 0:26:44]} 48. Kf2 {[%clk 0:30:02]} a3 {[%clk 0:25:43]} 49. Kg3 {[%clk
0:29:32]} Kf8 {[%clk 0:25:27]} 50. g5 {[%clk 0:25:31]} hxg5 {[%clk 0:21:58]}
51. fxg5 {[%clk 0:25:56]} fxg5 {[%clk 0:22:13]} 52. Rxg5 {[%clk 0:26:19]} Ra2
{[%clk 0:22:22]} 53. Ra5 {[%clk 0:26:08]} Ke7 {[%clk 0:22:19]} 54. Kf4 {[%clk
0:18:01]} Kd6 {[%clk 0:21:03]} 55. g4 {[%clk 0:16:51]} f6 {[%clk 0:20:47]} 56.
Kf5 {[%clk 0:16:41]} Rf2+ {[%clk 0:21:05]} 57. Kg6 {[%clk 0:16:04]} a2 {[%clk
0:21:27]} 58. Ra6+ {[%clk 0:14:16]} Kc5 {[%clk 0:19:14]} 59. Ra5+ {[%clk
0:14:28]} Kb4 {[%clk 0:18:08]} 60. Rxa2 {[%clk 0:14:47]} Rxa2 {[%clk 0:18:33]}
61. Kxf6 {[%clk 0:15:12]} Rf2+ {[%clk 0:18:22]} 62. Kg6 {[%clk 0:15:30]} Kc5
{[%clk 0:18:33]} 63. g5 {[%clk 0:15:44]} Kd6 {[%clk 0:18:54]} 64. Kh7 {[%clk
0:15:57]} Rh2+ {[%clk 0:19:16]} 65. Kg7 {[%clk 0:16:21]} Ke7 {[%clk 0:19:25]}
66. g6 {[%clk 0:16:28]} Ra2 {[%clk 0:18:47]} 67. Kh8 {[%clk 0:10:57]} Ra8+
{[%clk 0:19:08]} 68. Kg7 {[%clk 0:11:20]} Ke6 {[%clk 0:19:23]} 69. Kh7 {[%clk
0:11:26]} Kf6 {[%clk 0:19:41]} 70. g7 {[%clk 0:11:40]} Kf7 {[%clk 0:20:01]} 0-1